000
00312nam a22001457a 4500
008
210531b ||||| |||| 00| 0 eng d
020
_a
89950002106541
041
_a
eng
080
_a
621
082
_a
621
100
_a
26
101
_a
MEK
245
_a
Formwork to Concrete
_c
Austin,C.K
942
_2
udc
_c
BK
999
_c
57819
_d
57819